Recopilación de reglamentos con índices por ministerios, temático, onomástico. Se incluyen, además todos los decretos supremos que, sin ser reglamentarios, tienen interés general y permanente
Αποθηκεύτηκε σε:
| Συγγραφή απο Οργανισμό/Αρχή: | |
|---|---|
| Μορφή: | Βιβλίο |
| Γλώσσα: | Ισπανικά |
| Έκδοση: |
Santiago
Contraloría General de la República
1961
|
| Θέματα: | |
| Ετικέτες: |
Προσθήκη ετικέτας
Δεν υπάρχουν, Καταχωρήστε ετικέτα πρώτοι!
|
MARC
| LEADER | 00000nam a2200000 a 4500 | ||
|---|---|---|---|
| 001 | UCR0739 | ||
| 003 | CL-VaPUC | ||
| 008 | 971205e19610000CL |||||||||||||||||spa|d | ||
| 082 | 0 | 4 | |a 348.025 |b CON |2 21 |
| 110 | 2 | |a Contraloría General de la República |e author |9 396976 | |
| 245 | 1 | 0 | |a Recopilación de reglamentos con índices por ministerios, temático, onomástico. Se incluyen, además todos los decretos supremos que, sin ser reglamentarios, tienen interés general y permanente |
| 300 | |a t | ||
| 942 | |c BK | ||
| 945 | |d 19971205 00:00:00 |a lriquelm | ||
| 260 | |a Santiago |b Contraloría General de la República |c 1961 | ||
| 500 | |a Comprende el período que media entre los meses de agosto de 1959 y junio de 1961 | ||
| 500 | |a Donación profesor Fernando Recio Olguín | ||
| 650 | 7 | |a LEGISLACION |2 CL-VaPUC |9 396977 | |
| 650 | 7 | |a FUENTES |2 CL-VaPUC |9 255666 | |
| 650 | 7 | |a DERECHO CHILENO |2 CL-VaPUC |9 396978 | |
| 650 | 7 | |a DECRETOS SUPREMOS |2 CL-VaPUC |9 396008 | |
| 650 | 7 | |a REGLAMENTOS |2 CL-VaPUC |9 259254 | |
| 651 | 7 | |a CHILE |2 CL-VaPUC |9 396979 | |
| 583 | |a last modification |c 20140410 10:31:31 |k Rodrigo Vera | ||
| 999 | |c 264238 |d 264236 | ||
| 952 | |0 0 |1 0 |4 0 |6 348_025000000000000_CON_1961 |7 0 |8 F |9 294240 |a BIBDER |b BIBDER |d 2019-11-19 |h t.14 |i 1912690 |o 348.025 CON 1961 |p 1912690 |r 2023-01-25 |w 2019-11-19 |y BK_F |k DER | ||
| 952 | |0 0 |1 0 |4 0 |6 348_025000000000000_CON_1961 |7 0 |8 X |9 294241 |a BIBHIS |b BIBHIS |d 2019-11-19 |h t.14 |i 2128012 |l 1 |o 348.025 CON 1961 |p 2128012 |r 2025-04-15 |s 2025-04-15 |w 2019-11-19 |y BK_X |k HIS | ||